[Event "Oberliga NRW 1213"]
[Site "Germany"]
[Date "2013.02.17"]
[Round "6.5"]
[White "Van Beek, Alexander"]
[Black "Balster, Stefan"]
[Result "1-0"]
[WhiteElo "2261"]
[BlackElo "2259"]
[PlyCount "77"]
[EventDate "2012.09.16"]
[EventType "team-tourn"]
[EventRounds "9"]
[EventCountry "GER"]
[SourceTitle "EXT 2017"]
[Source "ChessBase"]
[SourceDate "2016.10.25"]
[SourceVersion "1"]
[SourceVersionDate "2016.10.25"]
[SourceQuality "1"]
[WhiteTeam "Erkenschwick"]
[BlackTeam "Duesseldorf"]
[WhiteTeamCountry "GER"]
[BlackTeamCountry "GER"]

1. e4 c5 2. Nf3 e6 3. g3 Nc6 4. Bg2 d6 5. 0-0 Nf6 6. Qe2 Be7 7. e5 dxe5 8. Nxe5 Nxe5 9. Qxe5 0-0 10. Nc3 a6 11. Rd1 Bd6 12. Qe2 e5 13. d3 h6 14. Nd5 Re8 15. b3 Rb8 16. Bb2 Nxd5 17. Bxd5 Be6 18. Qf3 Qd7 19. Re1 Bxd5 20. Qxd5 Qe6 21. Qf3 Re7 22. a4 a5 23. Bc3 b6 24. Re2 Qd7 25. Rae1 Rbe8 26. Qd5 Bb8 27. Qxd7 Rxd7 28. f4 f6 29. fxe5 fxe5 30. Kf2 Rde7 31. Ke3 Kf7 32. Ke4 Ke6 33. Rf1 Bc7 34. Rf5 g6 35. Rf3 Rd8 36. Ref2 Rd6 37. Rf6+ Kd7 38. Rxd6+ Bxd6 39. Kd5 1-0

[Event "Oberliga NRW 0203 II"]
[Site "Germany"]
[Date "2003.01.05"]
[Round "4.3"]
[White "Schmitz, Joachim"]
[Black "Balster, Stefan"]
[Result "1/2-1/2"]
[WhiteElo "2323"]
[BlackElo "2349"]
[PlyCount "87"]
[EventDate "2002.10.06"]
[EventType "team"]
[EventRounds "9"]
[EventCountry "GER"]
[SourceTitle "EXT 2004"]
[Source "ChessBase"]
[SourceDate "2003.11.25"]
[SourceVersion "1"]
[SourceVersionDate "2003.11.25"]
[SourceQuality "1"]
[WhiteTeam "Duisburg/Hochheide"]
[BlackTeam "Gelsenkirchen"]
[WhiteTeamCountry "GER"]
[BlackTeamCountry "GER"]

1. d4 d5 2. c4 e6 3. Nc3 Nf6 4. Bg5 c6 5. e3 Nbd7 6. cxd5 exd5 7. Bd3 Be7 8. Qc2 0-0 9. Nf3 Re8 10. 0-0 Nf8 11. Rae1 Be6 12. Ne5 N6d7 13. Bxe7 Rxe7 14. f4 f6 15. Nxd7 Qxd7 16. f5 Bf7 17. Rf3 Rd8 18. g4 Qd6 19. Qf2 a6 20. e4 Nd7 21. g5 dxe4 22. Nxe4 Rxe4 23. Bxe4 fxg5 24. Bc2 Nf6 25. Bb3 Bxb3 26. Rxb3 Rd7 27. Qe3 Qd5 28. Qe5 b5 29. Qxd5+ Nxd5 30. Re6 Ne7 31. Ra3 Nxf5 32. Rxc6 Rxd4 33. Rf3 Rd5 34. Rxa6 g4 35. Rf1 h5 36. a4 bxa4 37. Rxa4 Nd4 38. Kg2 Nf5 39. Rf2 Ne3+ 40. Kg3 g5 41. Ra8+ Kg7 42. Ra7+ Kg6 43. Ra6+ Kg7 44. Ra7+ 1/2-1/2

[Event "BEL-chT 0203"]
[Site "Belgium"]
[Date "2002.12.23"]
[Round "5.6"]
[White "Bauduin, Etienne"]
[Black "Balster, Stefan"]
[Result "1-0"]
[WhiteElo "2255"]
[BlackElo "2347"]
[PlyCount "71"]
[EventDate "2002.10.06"]
[EventType "team"]
[EventRounds "11"]
[EventCountry "BEL"]
[SourceTitle "EXT 2004"]
[Source "ChessBase"]
[SourceDate "2003.11.25"]
[SourceVersion "1"]
[SourceVersionDate "2003.11.25"]
[SourceQuality "1"]
[WhiteTeam "Charleroi CREC"]
[BlackTeam "Rochade"]
[WhiteTeamCountry "BEL"]
[BlackTeamCountry "BEL"]

1. e4 c5 2. Nf3 e6 3. d4 cxd4 4. Nxd4 Nc6 5. Nb5 d6 6. Bf4 e5 7. Be3 Be6 8. Nd2 Nf6 9. Bg5 a6 10. Bxf6 gxf6 11. Nc3 Ne7 12. Qf3 Bg7 13. Nc4 Rc8 14. Ne3 Qa5 15. Rd1 Qb4 16. Bd3 Qxb2 17. Ncd5 Nxd5 18. exd5 Qc3+ 19. Ke2 Bd7 20. Rb1 b5 21. a4 Rc5 22. axb5 Bxb5 23. Bxb5+ axb5 24. Rb3 Qa5 25. Rhb1 0-0 26. Rb4 Rfc8 27. Kf1 Kf8 28. g3 Ke8 29. Rg4 Bf8 30. Qxf6 Qd8 31. Qh8 Kd7 32. Rg8 Qe7 33. Qxh7 Qf6 34. Ra1 Bh6 35. Rxc8 Bxe3 36. Qh3+ 1-0

[Event "Budapest FS07 IM-C"]
[Site "Budapest"]
[Date "2002.07.14"]
[Round "9"]
[White "Partenheimer, Axel"]
[Black "Balster, Stefan"]
[Result "1/2-1/2"]
[WhiteElo "2208"]
[BlackElo "2349"]
[PlyCount "38"]
[EventDate "2002.07.06"]
[EventType "tourn"]
[EventRounds "9"]
[EventCountry "HUN"]
[EventCategory "3"]
[SourceTitle "CBM 089 Extra"]
[Source "ChessBase"]
[SourceDate "2002.09.10"]
[SourceVersion "2"]
[SourceVersionDate "2002.09.10"]
[SourceQuality "1"]

1. e4 e6 2. d4 d5 3. exd5 exd5 4. Bd3 Bd6 5. Nf3 Nf6 6. 0-0 0-0 7. h3 h6 8. Nc3 c6 9. Be3 Be6 10. Qd2 Nbd7 11. Bf4 Bxf4 12. Qxf4 Qb8 13. Qxb8 Raxb8 14. Ne5 Nxe5 15. dxe5 Nd7 16. f4 f5 17. Ne2 Rbe8 18. Nd4 c5 19. Nxe6 Rxe6 1/2-1/2

[Event "Budapest FS07 IM-C"]
[Site "Budapest"]
[Date "2002.07.12"]
[Round "7"]
[White "Pham, Minh Hoang"]
[Black "Balster, Stefan"]
[Result "1-0"]
[WhiteElo "2357"]
[BlackElo "2349"]
[PlyCount "81"]
[EventDate "2002.07.06"]
[EventType "tourn"]
[EventRounds "9"]
[EventCountry "HUN"]
[EventCategory "3"]
[SourceTitle "CBM 089 Extra"]
[Source "ChessBase"]
[SourceDate "2002.09.10"]
[SourceVersion "2"]
[SourceVersionDate "2002.09.10"]
[SourceQuality "1"]

1. d4 d5 2. c4 e6 3. Nc3 Nf6 4. Bg5 c6 5. e3 Nbd7 6. Qc2 Be7 7. Nf3 0-0 8. Rd1 dxc4 9. Bxc4 Nd5 10. Bxe7 Qxe7 11. 0-0 Nxc3 12. bxc3 e5 13. Qe4 Re8 14. Nxe5 Nxe5 15. Qxe5 Qxe5 16. dxe5 b5 17. Bb3 Bf5 18. Rd6 Rac8 19. f4 Kf8 20. Kf2 a5 21. a3 a4 22. Ba2 Rc7 23. Rfd1 Ke7 24. Kf3 Be6 25. Bxe6 fxe6 26. g4 Rb8 27. f5 exf5 28. gxf5 c5 29. e6 Rbb7 30. e4 b4 31. cxb4 cxb4 32. axb4 a3 33. Ra6 Rc3+ 34. Kf4 Rh3 35. Rd2 g6 36. Kg4 Re3 37. Kg5 Rf3 38. Rad6 a2 39. Rd7+ Rxd7 40. Rxd7+ Ke8 41. Ra7 1-0

[Event "Budapest FS07 IM-C"]
[Site "Budapest"]
[Date "2002.07.09"]
[Round "4"]
[White "Balster, Stefan"]
[Black "McDonald, Neil R"]
[Result "1-0"]
[WhiteElo "2349"]
[BlackElo "2396"]
[PlyCount "117"]
[EventDate "2002.07.06"]
[EventType "tourn"]
[EventRounds "9"]
[EventCountry "HUN"]
[EventCategory "3"]
[SourceTitle "CBM 089 Extra"]
[Source "ChessBase"]
[SourceDate "2002.09.10"]
[SourceVersion "2"]
[SourceVersionDate "2002.09.10"]
[SourceQuality "1"]

1. c4 f5 2. Nc3 Nf6 3. g3 d6 4. Bg2 g6 5. e3 Bg7 6. Nge2 0-0 7. 0-0 e5 8. d3 c6 9. f4 a5 10. h3 Na6 11. b3 Bd7 12. Rb1 Rc8 13. a3 Nc7 14. b4 axb4 15. axb4 b5 16. cxb5 cxb5 17. Bb2 Be6 18. Qd2 Qd7 19. Kh2 Ncd5 20. Nxd5 Bxd5 21. Nc3 Bxg2 22. Qxg2 Qe6 23. Nxb5 Nd5 24. Qd2 Rfe8 25. Na3 exf4 26. exf4 Bxb2 27. Rxb2 Ne3 28. Rf2 Ra8 29. Nc2 Nxc2 30. Qxc2 Ra1 31. Rb1 Rxb1 32. Qxb1 Qe3 33. Qc2 h5 34. h4 Kh7 35. Rg2 Qb6 36. Qc4 Re1 37. d4 Qa7 38. Rc2 Kh6 39. Qg8 Qxd4 40. Qf8+ Qg7 41. Qxd6 Rb1 42. Re2 Qh8 43. Qe7 Rb2 44. Kh3 Rxe2 45. Qxe2 Qa8 46. Kh2 Qd5 47. Qb2 Kh7 48. b5 Qb7 49. b6 Kg8 50. Qf6 Qe4 51. Qxg6+ Kh8 52. Qxh5+ Kg7 53. Qd1 Kh6 54. Qh1 Qb4 55. b7 Kh5 56. Qf3+ Kh6 57. Kh3 Kg6 58. Qc6+ Kh5 59. Qe8+ 1-0

[Event "BL2-West 0102"]
[Site "Germany"]
[Date "2001.11.25"]
[Round "3.6"]
[White "Heinzel, Olaf"]
[Black "Balster, Stefan"]
[Result "1/2-1/2"]
[WhiteElo "2360"]
[BlackElo "2334"]
[PlyCount "98"]
[EventDate "2001.10.07"]
[EventType "team-tourn"]
[EventRounds "9"]
[EventCountry "GER"]
[SourceTitle "CBM 088 Extra"]
[Source "ChessBase"]
[SourceDate "2002.07.01"]
[SourceVersion "2"]
[SourceVersionDate "2002.07.01"]
[SourceQuality "1"]
[WhiteTeam "Essen Borbeck"]
[BlackTeam "Gelsenkirchen"]
[WhiteTeamCountry "GER"]
[BlackTeamCountry "GER"]

1. e4 c5 2. Nf3 e6 3. Nc3 Nc6 4. Bc4 a6 5. a4 d6 6. 0-0 Nf6 7. d4 cxd4 8. Nxd4 Bd7 9. Be3 Be7 10. Re1 0-0 11. Nxc6 Bxc6 12. a5 Rc8 13. Bb3 Nd7 14. Na4 Bxa4 15. Bxa4 Nc5 16. c3 Nxa4 17. Qxa4 Rc6 18. Qb3 Qc8 19. Ra4 Rd8 20. Rd1 Rd7 21. Bb6 Bd8 22. Rb4 Bxb6 23. Rxb6 Kf8 24. Rxc6 Qxc6 25. Qb4 Ke8 26. Qd4 f6 27. Qe3 h6 28. Qe2 Qc5 29. Ra1 Qe5 30. Qc4 Kd8 31. Qb4 Qc5 32. Qb3 d5 33. h3 dxe4 34. Qxe6 Qd5 35. Qb6+ Ke8 36. Re1 Kf7 37. Qb4 f5 38. Qb6 Qd2 39. Qb3+ Qd5 40. Qb6 Qe6 41. Qb4 Qd6 42. Qb3+ Kf6 43. Rf1 Qd5 44. Qb6+ Rd6 45. Qb4 g5 46. c4 Qc6 47. f3 exf3 48. Rxf3 Rd1+ 49. Rf1 Rxf1+ 1/2-1/2

[Event "Budapest FS07 IM-B"]
[Site "Budapest"]
[Date "2001.07.07"]
[Round "6"]
[White "Balster, Stefan"]
[Black "Cooke, Eric"]
[Result "1-0"]
[WhiteElo "2334"]
[BlackElo "2237"]
[PlyCount "71"]
[EventDate "2001.07.02"]
[EventType "tourn"]
[EventRounds "11"]
[EventCountry "HUN"]
[EventCategory "2"]
[SourceTitle "CBM 083 Extra"]
[Source "ChessBase"]
[SourceDate "2001.09.11"]
[SourceVersion "1"]
[SourceVersionDate "2001.09.11"]
[SourceQuality "1"]

1. c4 Nf6 2. Nc3 e6 3. e4 d5 4. e5 d4 5. exf6 dxc3 6. bxc3 Qxf6 7. Nf3 c5 8. Bd3 Nc6 9. Be4 Ne5 10. 0-0 Nxf3+ 11. Bxf3 Bd6 12. d4 cxd4 13. cxd4 0-0 14. Be3 Rb8 15. Qa4 a6 16. Rab1 b5 17. Qc2 b4 18. Qa4 e5 19. d5 Qe7 20. Qa5 e4 21. Be2 Bc7 22. Qc5 Bd6 23. Qd4 Be5 24. Qd2 f5 25. f4 Bc3 26. Qd1 Rd8 27. c5 Bb7 28. d6 Qf7 29. Qa4 Bd5 30. a3 a5 31. Rfd1 Kh8 32. Bf2 e3 33. Bh4 Qg6 34. Rxd5 Qe6 35. Bxd8 Qxd5 36. Qe8+ 1-0

[Event "Budapest FS07 IM-B"]
[Site "Budapest"]
[Date "2001.07.05"]
[Round "4"]
[White "Balster, Stefan"]
[Black "Dub, Zeev"]
[Result "1-0"]
[WhiteElo "2334"]
[BlackElo "2280"]
[PlyCount "63"]
[EventDate "2001.07.02"]
[EventType "tourn"]
[EventRounds "11"]
[EventCountry "HUN"]
[EventCategory "2"]
[SourceTitle "CBM 083 Extra"]
[Source "ChessBase"]
[SourceDate "2001.09.11"]
[SourceVersion "1"]
[SourceVersionDate "2001.09.11"]
[SourceQuality "1"]

1. c4 b6 2. Nc3 Bb7 3. e4 e6 4. g3 Bb4 5. Nge2 f5 6. Bg2 Nf6 7. Qc2 Bxc3 8. Nxc3 Nc6 9. d3 Nd4 10. Qd1 0-0 11. 0-0 e5 12. Be3 fxe4 13. dxe4 c5 14. f4 d6 15. f5 Bc6 16. g4 Be8 17. h3 Rb8 18. Rf2 a6 19. g5 Bh5 20. Qd3 Nd7 21. a4 Bf7 22. h4 Rb7 23. Bh3 Nb8 24. Nd5 Nbc6 25. Raf1 Bxd5 26. cxd5 Nb4 27. Qd1 Kh8 28. Qh5 h6 29. f6 g6 30. Qxg6 Rg8 31. Qh5 Rh7 32. g6 1-0